| 000 | 00739nam a2200181Ia 4500 | ||
|---|---|---|---|
| 008 | 151018s9999 xx 000 0 und d | ||
| 082 |
_bRBASDV10505 _a110 |
||
| 100 | _aअ ल भागवत | ||
| 245 | _aयोगी अ.ल.भागवतांची अमृतवाणी भाग पहिला | ||
| 250 | _b1 | ||
| 260 | _bश्री गजानन बुक डेपो | ||
| 300 | _a95 | ||
| 600 | _aअ ल भागवत | ||
| 630 | _aयोगी अ.ल.भागवतांची अमृतवाणी भाग पहिला | ||
| 700 | _aअ ल भागवत | ||
| 730 | _aयोगी अ.ल.भागवतांची अमृतवाणी भाग पहिला | ||
| 942 | _cBOOK | ||
| 999 |
_c1012865 _d1012862 |
||